Directrices sobre derechos sociales y comercio justo: café, cacao y té: evaluación de insumos para la agricultura ecológica

Guardado en:
書目詳細資料
格式: Texto
主題:
標簽: 添加標簽
沒有標簽, 成為第一個標記此記錄!

MARC

LEADER 00000 a a2200000 04500
001 12581
003
040
245 |a Directrices sobre derechos sociales y comercio justo: café, cacao y té:   |b evaluación de insumos para la agricultura ecológica  
650 |a AGRICULTURA  
650 |a ECOLOGIA  
650 |a DERECHOS CIVILES  
650 |a COMERCIO INTERNACIONAL  
650 |a SECTOR AGRICOLA  
773 |g volumen 2, número 1 (3); páginas 147-155  
999 |c 39192  |d 39192